| 000 | 00660nam a2200217Ia 4500 | ||
|---|---|---|---|
| 001 | 11545 | ||
| 003 | GE_BSU | ||
| 008 | 181216s||||||||xx |||||||||||||| ||und|| | ||
| 040 | _cGE_BSU | ||
| 080 | _a81'374.25=161.1 | ||
| 245 | _aСловарь инностранных слов. | ||
| 245 | _cПод ред:И.В.Лехина и Ф.Н.Петрова; Ред:С.М.Локшина. | ||
| 250 | _a3-е перераб.и доп.издание. | ||
| 260 | _aМосква. | ||
| 260 | _bгосиздат. | ||
| 260 | _c1949. | ||
| 300 | _a804с;23см. | ||
| 300 | _eТабл. | ||
| 653 | _aСловарь инностранных словю. | ||
| 942 | _cBK | ||
| 999 |
_c44740 _d44740 |
||